00357 2200145 4500001002100000005001500021035002000036245004800056100002500104300001200129260003600141082000800177084001400185990001200199INLIS00000000000169820250430094344 a0010-04250001141 aIkhtisar Roman /cDrs. Supratman Abdul Rani0 aSupratman Abdul Rani a180 hlm aBandung :bPustaka Setia,c1996 a410 a410 SUP i a0754645